Architekturführer Helsinki (Record no. 9588)
[ view plain ]
| 000 -LEADER | |
|---|---|
| fixed length control field | 00308nam a2200133 4500 |
| 003 - CONTROL NUMBER IDENTIFIER | |
| control field | OSt |
| 005 - DATE AND TIME OF LATEST TRANSACTION | |
| control field | 20210705113307.0 |
| 008 - FIXED-LENGTH DATA ELEMENTS--GENERAL INFORMATION | |
| fixed length control field | 210705b ||||| |||| 00| 0 eng d |
| 020 ## - INTERNATIONAL STANDARD BOOK NUMBER | |
| International Standard Book Number | 9783869224831 |
| 082 ## - DEWEY DECIMAL CLASSIFICATION NUMBER | |
| Classification number | 720.948971 |
| 100 ## - MAIN ENTRY--PERSONAL NAME | |
| Personal name | Meyer, Ulf, 1970- |
| 245 ## - TITLE STATEMENT | |
| Title | Architekturführer Helsinki |
| 942 ## - ADDED ENTRY ELEMENTS (KOHA) | |
| Source of classification or shelving scheme | |
| Withdrawn status | Lost status | Source of classification or shelving scheme | Damaged status | Koha normalized classification for sorting | Not for loan | Permanent location | Current location | Date acquired | Full call number | Barcode | Date last seen | Price effective from | Koha item type |
|---|---|---|---|---|---|---|---|---|---|---|---|---|---|
| 720_948971000000000 | BMS College of Architecture, Design and Planning | BMS College of Architecture, Design and Planning | 2021-07-05 | 720.948971 | AR-PG460 | 2021-07-05 | 2021-07-05 | PG Books |